000 00714nam a2200265Ia 4500
005 20260121171505.0
008 008 260114s9999 xx 000 0 eng d
020 _a9783030291891
037 _aEBOOK
040 _aCRL
040 _beng
040 _cCRL
041 _2eng
041 _aeng
084 _qCRL
100 _aKodoth Prabhakaran Nair
_91076864
245 0 _aTurmeric (Curcuma longa L.) and Ginger (Zingiber officinale Rosc.) - World's Invaluable Medicinal Spices
260 _bSpringer
260 _bSpringer
260 _c2019
856 _uhttps://link.springer.com/openurl?genre=book&isbn=978-3-030-29189-1
942 _cEBOOK
999 _c1642594
_d1642594